Lasery a koherentní svazky /
Salvato in:
| Autore principale: | |
|---|---|
| Natura: | Libro |
| Lingua: | ceco |
| Pubblicazione: |
Praha :
Academia,
1990
|
| Serie: | Cesta k vědení
|
| Tags: |
Nessun Tag, puoi essere il primo ad aggiungerne!!
|
MARC
| LEADER | 00000nam a22000003a 4500 | ||
|---|---|---|---|
| 001 | stu210 | ||
| 005 | 20150617225622.3 | ||
| 008 | 910426s1990----cs------------------cze-d | ||
| 040 | |a STU |b slo | ||
| 041 | 0 | |a cze | |
| 044 | |a cs | ||
| 080 | |a 535.374 |7 stu_us_auth*stu8268 | ||
| 080 | |a 621.375.826 |7 stu_us_auth*stu9916 | ||
| 100 | 1 | |a Sochor, Václav |4 aut | |
| 245 | 1 | |a Lasery a koherentní svazky / |c [aut.] Sochor,Václav | |
| 260 | |a Praha : |b Academia, |c 1990 | ||
| 300 | |a 195 s | ||
| 830 | 0 | |a Cesta k vědení | |
| 996 | |b 284EK03461 |c E*74237 |l EE01 |s A |a 24 |w stu210_0001 | ||
| 996 | |b 284EK03462 |c E*74238 |l EE0101 |s P |a 0 |w stu210_0002 | ||